000 01007 a2200229 4500
001 36292
005 20260407155639.0
008 260407a1997 arg spa d
003 AR-UNSa-BCEJYS
040 _aAR-UNSa-BCEJYS
_bspa
_cAR-UNSa-BCEJYS
080 _a321.01
_xTeoría general del Estado. Teoría y filosofía del poder. Estado y territorio. Autoridad y oposición. Usurpación (Filosofía política)
245 1 0 _aEl desarrollo del estado moderno
_puna introducción sociológica
020 _a987-9173-09-0
264 1 _aBuenos Aires :
_bUniversidad Nacional de Quilmes
_c1997
300 _a225 p.
_c20 cm.
505 _a1. Introducción: la tarea de gobernar - 2. El sistema feudal de gobierno - 3. El Standestaat - 4. El sistema absolutista de gobierno - 5. El estado constitucional del siglo XIX - 6. Estado y sociedad bajo el liberalismo y después
041 _aspa
942 _cBK
590 _aniveau_biblio:m niveau_hierar:0
100 1 _aPoggi, Gianfranco
700 1 _aPons, Horacio
999 _c2631
_d2631